NDU-K Library Catalogue

Girl in a jacket 

The realities of human resource management : (Record no. 12537)

MARC details
000 -LEADER
fixed length control field 01441cam a2200409 a 4500
001 - CONTROL NUMBER
control field 11853739
003 - CONTROL NUMBER IDENTIFIER
control field OSt
005 - DATE AND TIME OF LATEST TRANSACTION
control field 20260423114638.0
008 - FIXED-LENGTH DATA ELEMENTS--GENERAL INFORMATION
fixed length control field 991202s2000 enka b 001 0 eng
010 ## - LIBRARY OF CONGRESS CONTROL NUMBER
LC control number 99088067
020 ## - INTERNATIONAL STANDARD BOOK NUMBER
International Standard Book Number 0335206204
020 ## - INTERNATIONAL STANDARD BOOK NUMBER
International Standard Book Number 0335206212
020 ## - INTERNATIONAL STANDARD BOOK NUMBER
International Standard Book Number 9780335206209
020 ## - INTERNATIONAL STANDARD BOOK NUMBER
International Standard Book Number 9780335206216
035 ## - SYSTEM CONTROL NUMBER
System control number 11853739
040 ## - CATALOGING SOURCE
Original cataloging agency DLC
Transcribing agency IPSTC
Modifying agency DLC
042 ## - AUTHENTICATION CODE
Authentication code pcc
050 00 - LIBRARY OF CONGRESS CALL NUMBER
Classification number HF5549
Item number .S654 2000
082 00 - DEWEY DECIMAL CLASSIFICATION NUMBER
Classification number 03
100 1# - MAIN ENTRY--PERSONAL NAME
Personal name Sisson, Keith.
245 14 - TITLE STATEMENT
Title The realities of human resource management :
Remainder of title managing the employment relationship /
Statement of responsibility, etc. Keith Sisson and John Storey.
260 ## - PUBLICATION, DISTRIBUTION, ETC.
Place of publication, distribution, etc. Buckingham ;
-- Philadelphia, PA :
Name of publisher, distributor, etc. Open University Press,
Date of publication, distribution, etc. 2000.
300 ## - PHYSICAL DESCRIPTION
Extent xiv, 286 p. :
Other physical details ill. ;
Dimensions 23 cm.
336 ## - CONTENT TYPE
Content type term text
Content type code txt
Source rdacontent
337 ## - MEDIA TYPE
Media type term unmediated
Media type code n
Source rdamedia
338 ## - CARRIER TYPE
Carrier type term volume
Carrier type code nc
Source rdacarrier
440 #0 - SERIES STATEMENT/ADDED ENTRY--TITLE
Title Managing work and organizations series
504 ## - BIBLIOGRAPHY, ETC. NOTE
Bibliography, etc. note Includes bibliographical references (p. 254-271) and index.
650 #0 - SUBJECT ADDED ENTRY--TOPICAL TERM
Topical term or geographic name entry element Personnel management.
650 #0 - SUBJECT ADDED ENTRY--TOPICAL TERM
Topical term or geographic name entry element Strategic planning.
650 #0 - SUBJECT ADDED ENTRY--TOPICAL TERM
Topical term or geographic name entry element Organizational change.
700 1# - ADDED ENTRY--PERSONAL NAME
Personal name Storey, John,
Dates associated with a name 1947-
906 ## - LOCAL DATA ELEMENT F, LDF (RLIN)
a 7
b cbc
c orignew
d 1
e ocip
f 19
g y-gencatlg
942 ## - ADDED ENTRY ELEMENTS (KOHA)
Source of classification or shelving scheme Library of Congress Classification
Koha item type Normal Collection
Holdings
Withdrawn status Lost status Source of classification or shelving scheme Damaged status Not for loan Home library Current library Date acquired Inventory number Total Checkouts Full call number Barcode Date last seen Price effective from Koha item type
    Library of Congress Classification     International Peace Support Training Centre (IPSTC) International Peace Support Training Centre (IPSTC) 14/11/2022 2271/2016   HF5549 .S654 2000 200122712016 14/11/2022 14/11/2022 Normal Collection
    Library of Congress Classification     Kenya Military Academy Kenya Military Academy 26/06/2024     HF5549.S654 2000 KMA005870 26/06/2024 26/06/2024  
    Library of Congress Classification     Kenya Military Academy Kenya Military Academy 26/06/2024     HF5549.S654 2000 KMA005871 26/06/2024 26/06/2024  
Copyright © 2026 [National Defence University - Kenya]. All rights reserved.